01360nab a22002177a 4500003000400000005001700004008004100021040000700062100003000069245021500099260007200314300001300386500003800399505039800437505008900835650002000924650002400944650002800968650001300996773013301009OSt20251231143718.0190605e xxu||||| |||| 00| 0 spa d cPJ aFaliero, Johanna Caterina13aLa (des)protección de los datos de los trabajadores y su expectativa de privacidad en los entornos laborales: el perfilamiento de los trabajadores y las leyes que miran hacia otro lado /cJohanna C. Faliero.  aCiudad Autónoma de Buenos Aires :bThomson Reuters La Ley,c2023. ap. 41-57 aCita: TR LALEY AR/DOC/255/2023.  aSumario: I. Introducción a las necesidades protectorias en materia de datos personales de los trabajadores.— II. La protección de los datos de los trabajadores.— III. La protección de la expectativa de privacidad en los entornos laborales.— IV. El perfilamiento de los trabajadores y las regulaciones hiposuficientes que los desprotegen.— V. Reflexiones y observaciones finales.  t¿Te interesa el texto completo? Solicitalo al correo: koha@justierradelfuego.gov.ar 0aDERECHO LABORAL 0aCONTRATO DE TRABAJO 0aDERECHOS DEL TRABAJADOR 0aPANDEMIA0 02711dCiudad Autónoma de Buenos Aires : Thomson Reuters La Ley, 1999-2002.tRevista de derecho del trabajo. Nº 2 - Marzo 2023